Preguntes i respostes sobre la vida i la mort de Francesc Layret, advocat dels obrers de Catalunya / Maria Aurèlia Capmany i Xavier Romeu ; presentació de Guillem-Jordi Graells
Descripción Física:
97, [13] p. ; 18 cm
Colección:
Biblioteca teatral ; 80
MARC
| LEADER | 00000nam a2200000Ia 4500 | ||
|---|---|---|---|
| 001 | 9832 | ||
| 008 | 160829s1992 xx 000 0 cat d | ||
| 080 | |a L-1-265 | ||
| 100 | |a Capmany, Maria Aurèlia, |d 1918-1991 |9 26537 | ||
| 245 | |a Preguntes i respostes sobre la vida i la mort de Francesc Layret, advocat dels obrers de Catalunya / Maria Aurèlia Capmany i Xavier Romeu ; presentació de Guillem-Jordi Graells | ||
| 260 | |a Barcelona : |b Institut del Teatre de la Diputació de Barcelona, |c 1992 | ||
| 300 | |a 97, [13] p. ; |c 18 cm | ||
| 490 | |a Biblioteca teatral ; 80 | ||
| 700 | |a Romeu, Xavier |9 11608 | ||
| 700 | |a Graells, Guillem-Jordi, |d 1950- |9 28834 | ||
| 710 | 1 | |a Institut del Teatre (Barcelona, Catalunya) |9 52662 | |
| 901 | |a Arxiu | ||
| 942 | |n 1 | ||
| 952 | |0 0 |1 0 |4 0 |6 L1265 |7 1 |9 44602 |a Arxiu |b Arxiu |d 2016-12-01 |l 0 |o L-1-265 |p 9832 |r 2016-12-01 00:00:00 |w 2016-12-01 |y ARXIU | ||
| 999 | |c 47183 |d 47183 | ||